Motivácia účastníkov distribučného kanálu

Najúčinnejšou cestou ako dosiahnúť najlepšie výsledky v distribučnom kanáli je vybudovať partnerstvá – partnerstvá, v ktorých všetci účastníci sústreďujú svoje činnosti tak, aby dosiahli spoločný cieľ, ktorý je výhodný pre všetkých účastníkov; partnerstvá ktoré sú založené na čestnosti. Ak činnosť a...

ver descrição completa

Na minha lista:
Detalhes bibliográficos
Autor principal: Kremeňová, Monika
Formato: Capítulo de Livro
Idioma:eslovaco
Assuntos:
Tags: Adicionar Tag
Sem tags, seja o primeiro a adicionar uma tag!

MARC

LEADER 00000nla$a2200000$$$4500
001 0112520
005 20240502072241.2
041 0 |a slo 
044 |a SK 
245 1 0 |a Motivácia účastníkov distribučného kanálu  |c Monika Kremeňová 
520 |a Najúčinnejšou cestou ako dosiahnúť najlepšie výsledky v distribučnom kanáli je vybudovať partnerstvá – partnerstvá, v ktorých všetci účastníci sústreďujú svoje činnosti tak, aby dosiahli spoločný cieľ, ktorý je výhodný pre všetkých účastníkov; partnerstvá ktoré sú založené na čestnosti. Ak činnosť a vzájomné vzťahy v partnerstvách sú nastavené správne a nevznikajú závažné problémy, tak na zlepšenie výsledkov v distribučnom kanáli môžeme využiť rôzne motivačné stratégie a taktiky. Push - Pull stratégia. Úspešný motivačný program. Kompenzácia - odmena. 
610 2 0 |a kanály distribučné 
610 2 0 |a stratégia marketingová 
610 2 0 |a motivácia 
610 2 0 |a taktika podniková 
100 1 |a Kremeňová, Monika